000 004880000a22001810004500
020 _a0-87808-102-X
041 0 _aENG
082 0 4 _aG 260 W784t
100 1 _aWinter, Ralph D.
245 1 0 _aThe twenty-five unbelievable years 1945 to 1969 / Ralph D. Winter
260 _aSouth Pasadena, CA., USA : William Carey
300 _a112 Pag
001 6720
942 _cBK
999 _c36986
_d36986
336 _atexto
_btxt
_2rdacontent
337 _2rdamedia
_asin mediación
_bn
338 _2rdacarrier
_avolumen
_bnc